Quizzes
Events
Quiz Creation
Community
Videos
Private Events
Remove Ads
Sign In
Join for FREE
Feedback
Dark Mode
Quiz Categories
Sports
Geography
Music
Movies
Television
Just For Fun
Miscellaneous
History
Literature
Language
Science
Gaming
Entertainment
Religion
Holiday
For Kids
Quiz Lab
Recent
Popular Today
Quiz Kudos Today
Editor Picks
Curator Picks
Quizzes by...
Day
Popularity
Type
Ratings
Length
Year
Community
Subscriptions
Recent Discussions
Orange Saloon
Badges
Playlists
Quests
Create
Leaderboards
Showdown
Live 5
Trivia Bingo
Activity
Puzzle Library
Sporcle Events
Private Events
Virtual Trivia
Globe League
Become a Host
Pub Owners
SporcleCon
Opinionation
Our Games
Videos
Blog
Mobile Apps
Partnerships
Remove Ads and Go Orange
Feedback
Music
Pop Music
The Beatles
Song
Album
Lyrics
Bands
Singers
Artist
Clip
Rock
Rap
Classical
Billboard
Country Music
Kpop
Taylor Swift
Music
Pop Music
The Beatles
Song
Album
Lyrics
Bands
Singers
Artist
Clip
Rock
Rap
Classical
Billboard
Country Music
Kpop
Taylor Swift
Random Quiz
Search Sporcle
×
Quiz Lab
Quiz Lab
Music
World
Type in answers that appear in a list
Type in answers that appear in a list
Classic
Best Score? Go Orange.
The World Was Wide Enough (Part 2) Stats
Can you name the lyrics to The World Was Wide Enough from Hamilton?
By
armonioso
10m
229 Questions
2,545 Plays
2,545 Plays
2,545 Plays
Comments
Comments
Give Quiz Kudos
Give Quiz Kudos
-
- Ratings
hide this ad
Replay
Link that replays current quiz
Next Quiz
Link to next quiz in quiz playlist
You Got
0%
They Got
Avg Score
91%
Avg Friend Score
Upgrade to see
Score Distribution
Jump to the score distribution portion of the page
Score
0/229
Timer
10:00
0
Plays Today
Character
Lyrics
% Correct
a
98.2%
the
98.2%
a
98.2%
a
98.2%
the
98.2%
a
98.2%
a
98.2%
a
98.2%
and
98.2%
and
98.2%
a
98.2%
the
98.2%
a
98.2%
the
98.2%
the
98.2%
the
98.2%
the
98.2%
the
98.2%
a
98.2%
the
98.2%
me?
97%
me?
97%
me?
97%
me,
97%
me!
97%
me
97%
me
97%
it
96.9%
it
96.9%
it
96.9%
it
96.9%
On
96.8%
on
96.8%
on
96.8%
on
96.8%
on
96.8%
so
96.7%
Is
96.6%
is
96.6%
is
96.6%
is
96.6%
is
96.6%
is
96.6%
is
96.6%
my
96.5%
my
96.5%
my
96.5%
my
96.5%
my
96.5%
my
96.5%
my
96.5%
my
96.5%
my
96.5%
My
96.5%
I'm
96.3%
I'm
96.3%
get
95.7%
see
95.7%
see.
95.7%
see.
95.7%
see
95.7%
this
95.6%
of
95.6%
this
95.6%
this
95.6%
of
95.6%
of
95.6%
of
95.6%
death
95.5%
you
95.3%
you
95.3%
you
95.3%
You
95.3%
you
95.3%
like
95.2%
memory.
94.9%
to
94.8%
Character
Lyrics
% Correct
to
94.8%
to
94.8%
much
94.8%
feels
94.7%
where
94.7%
where
94.7%
Hamilton
I
94.6%
I
94.6%
I
94.6%
I
94.6%
I
94.6%
I
94.6%
I
94.6%
imagine
94.6%
feet,
94.4%
feet
94.4%
be?
94.3%
run
94.3%
other
94.3%
other
94.3%
other
94.3%
other
94.3%
other
94.3%
other
94.3%
or
94.3%
or
94.3%
side,
94.3%
side,
94.3%
side,
94.3%
side,
94.3%
side,
94.3%
side.
94.3%
gets
94.1%
omg tearssssssss
Eliza.
93.9%
ahead
93.9%
do
93.9%
What
93.8%
What
93.8%
in
93.8%
son
93.7%
let
93.6%
let
93.6%
more
93.2%
legacy?
93.2%
Legacy.
93.2%
legacy?
93.2%
Burr /
Ensemble
He
93.2%
Washington
92.9%
up.
92.8%
up,
92.8%
up,
92.8%
up,
92.8%
up,
92.8%
up,
92.8%
up,
92.8%
time,
92.7%
time.
92.7%
I'll
92.4%
rise
92.3%
rise
92.3%
rise
92.3%
rise
92.3%
mother
92.3%
how
92.2%
It's
92.2%
how
92.2%
Burr
Wait!
91.9%
never
91.8%
at
91.5%
for
91.5%
for
91.5%
at
91.5%
his
91.2%
gun
91.2%
If
90.8%
if
90.8%
planting
90.8%
Character
Lyrics
% Correct
seeds
90.8%
love,
90.8%
garden
90.8%
your
90.6%
out
90.5%
sky--
90.4%
America,
90.3%
running
89.8%
running,
89.8%
pistol
89.7%
take
89.4%
Burr,
89.1%
coming,
89%
symphony,
89%
several
88.9%
can
88.8%
great
88.7%
Laurens
88.7%
unfinished
88.6%
friend,
88.4%
time's
88.3%
enemy,
88.3%
remember
88.3%
from
88.3%
aims
88.3%
no
88.1%
no
88.1%
teach
88%
say
87.9%
eyes
87.9%
goodbye,
87.4%
shot,
87.1%
first
86.8%
watching
86.7%
away
86.2%
throw
86.1%
fire
86.1%
with
86.1%
you'll
85.7%
last
85.5%
orphan
85.2%
glass
85.2%
Raise
85.1%
freedom...
85%
will
84.8%
ever
84.5%
immigrants
84.3%
glimpse
84.2%
There
84.2%
even
84.1%
face
84%
he's
83.4%
wise
83.3%
leads
83.3%
sent
82.5%
soldiers'
82.4%
sing
82.3%
catch
81.8%
place
81.7%
chorus
81.4%
some
81.3%
melody.
80.7%
make
80.6%
wrote
80.4%
song
80.4%
maybe
79.7%
beat,
79.4%
bullet
79.2%
difference;
78%
beginning
76%
someone
74.6%
notes
74.3%
their
73.9%
leave
71.1%
fingerprints
69%
Quiz Playlist
Details
Report
Send in Message
Add To Playlist
Classic:
Type in answers that appear in a list
Last Updated: Feb 16, 2017
Quiz Scoreboard
CHALLENGE
Sign Up to Join the Scoreboard
Show All
Scores
Hide
Comments
May contain spoilers
Recently Published
An Introduction to Baseball
by treessimontrees
Sports
5m
Movies - When Are They Set?
by FPL_Elf
Movies
5m
Popular People in 1961
by mucciniale
History
6m
More to Explore
Quiz From the Vault
Featured Blog Post
Where Did the Easter Bunny Come From?
hide this ad
You Might Also Like...
Tags
World Quiz
Character
enough
Hamilton
Wide
Today's Top Quizzes in Music
Browse Music
hide this ad
Today's Top Quizzes in World
Browse World
Top Contributed Quizzes in Music
1
Taylor Swift All Songs (2024)
2
Guess the Artist- 70s Songs
3
One Thing in Common: Music
4
KPOP LOGIC QUIZ
5
2010s Album by Cover III
6
Taylor Swift Logic Puzzle
7
Guess the Taylor Swift song (Mystery Song)
8
7-to-1: Billboard Hot 100 #1 Hits of 2010s
9
2010s Album by Cover IV
10
2010s Album by Cover V
Explore More
Trending Topics
Marvel
Anime
Disney
Kpop
NBA
Crossword
Harry Potter
The Office
WWE
NFL
Soccer
Song
Puzzle
Pokémon
Country
hide this ad
More By:
armonioso
Quiz
Plays
Rating
Category
Featured
Created
Phoebe Bridgers - I Know The End (Lyrics)
7,821
5.00
Music
Oct 14, 2020
Mitski - Washing Machine Heart (Lyrics)
7,239
4.94
Music
Jul 3, 2019
Mitski - Me and My Husband (Lyrics)
3,675
4.50
Music
Jul 6, 2019
Take a Break (Part 1)
3,355
4.63
Music
Dec 11, 2015
Phoebe Bridgers - Moon Song (Lyrics)
2,951
5.00
Music
Aug 31, 2020
Go to Creator's Profile
Score Distribution
Quiz Creator Spotlight
armonioso
Follow
Send a Message
Quizzes Created
-
Created Quiz Play Count
-
More By This Creator
Popular Quizzes Today
1
Find the Countries of Europe - No Outlines Minefield
2
Find the US States - No Outlines Minefield
3
The Countries of the World
4
Popular People in 1961
5
Find the US States
6
US States
7
1-10 Letter E Words III
8
Risky Map Clicking: Biggest States A-Z
More Music Quizzes
One-Hit Wonder or Not III
Published
Trending Quizzes
Risky Map Clicking: Least Populous States A-Z
1-10 Letter F Words
1-10 Letter G Words
Not Quite an Element Typing Challenge
One Thing in Common: United Kingdom
Recently Updated
Leaping Animals
pecheneg
Reality TV Shows (A-Z)
bhenderson79
Rickey Henderson's Hall of Fame Teammates
pecheneg
Champions League XIs: Arsenal
pecheneg
Quick Pick: Celebrities in WWE's Hall of Fame
aduchscher
A-Z Keypad Blitz II
pecheneg
Multiple Oscar Actors
pecheneg
Mystery Phrase Blitz: Oscar 'Best Actors'
pecheneg
F. Scott Fitzgerald Novels
LTH
Pick 3 Villains
ddd62291
Trending Topics
Kpop
Crossword
NBA
Disney
Anime
Marvel
Harry Potter
Song
Country
NFL
Puzzle
The Office
Pokémon
Soccer
WWE
Your Account Isn't Verified!
In order to create a playlist on Sporcle, you need to verify the email address you used during registration. Go to your
Sporcle Settings
to finish the process.
Report this User
Report this user for behavior that violates our
Community Guidelines
.
Details:
Send Report
Go to the Sporcle.com Mobile Site →
Comments